Fundamentals of anatomy and phisiology /
Guardado en:
| Autor Principal: | |
|---|---|
| Formato: | Libro |
| Idioma: | English |
| Publicado: |
Englewood Cliffs, N.J. :
Prentice Hall,
c1989.
|
| Etiquetas: |
Agregar Etiqueta
Sin Etiquetas, Sea el primero en etiquetar este registro!
|
| LEADER | 00530nam a22001455a 4500 | ||
|---|---|---|---|
| 001 | EEA.libagro004643 | ||
| 005 | 20181107092659.0 | ||
| 008 | 130809s1989####xxua##########000#0#eng#d | ||
| 020 | |a 0134443659 | ||
| 082 | 0 | 4 | |a 612 |
| 100 | 1 | |a Martini, Frederic. | |
| 245 | 1 | 0 | |a Fundamentals of anatomy and phisiology / |c Frederic Martini ; illustration coordinator, William C. Ober. |
| 260 | |a Englewood Cliffs, N.J. : |b Prentice Hall, |c c1989. | ||
| 300 | |a xxvii, 945 p. : |b il. (algunas col.) ; |c 29 cm. | ||
| 859 | |a AR-BbBCA |b BIB. AGRONOMIA |h 612 |i M386 |p 1993/1888 | ||
